[Event "only players under 2000"]
[Site "SchemingMind.com"]
[Date "2017.12.23"]
[Round "-"]
[White "TheHornedReaper "]
[Black "pmdpsp"]
[Result "0-1"]
[WhiteCountry "ROU"]
[BlackCountry "GER"]
[WhiteElo "1577"]
[WhiteRD "91"]
[BlackElo "1837"]
[BlackRD "82"]
[GameID "422304"]

1. e4 e5 2. Nf3 Nc6 3. Bb5 d6 4. d4 Bd7 5. Nc3 a6 6. Bxc6 Bxc6 7. d5 Bd7 8. Ne2 b5 9. b3 f5 10. exf5 Bxf5
11. Ng3 Bg6 12. O-O Nf6 13. Bg5 Be7 14. Rc1 O-O 15. c4 Ne4 16. Bxe7 Qxe7 17. Nxe4 Bxe4 18. Rc3 Rf4 19. Re1 Qf6 20. a3 Rf8
21. Ree3 Qg6 22. Kh1 c6 23. g3 R4f6 24. Kg2 h5 25. h4 Qg4 26. Qe2 cxd5 27. cxd5 Bxd5 28. Qd3 Qd4 29. Qe2 Ba8 30. Red3 Qg4
31. Re3 e4 32. Nd4 Rxf2+ 33. Qxf2 Rxf2+ 34. Kxf2 Kf7 35. Rc7+ Kf6 36. Ra7 Ke5 37. Ne2 Bc6 38. Rxa6 Qd7 39. Ra5 d5 40. Nf4 d4
41. Re1 e3+ 42. Kg1 Qg4 43. Kh2 Qf3 44. Rg1 Qf2+ 45. Rg2 Bxg2 46. Nxg2 d3 47. Rxb5+ Kd4 48. Rb4+ Kc3 49. Kh3 d2
0-1

[Event "only players under 2000"]
[Site "SchemingMind.com"]
[Date "2017.12.22"]
[Round "-"]
[White "Scooter"]
[Black "TheHornedReaper "]
[Result "1-0"]
[WhiteCountry "USA"]
[BlackCountry "ROU"]
[WhiteElo "1685"]
[WhiteRD "55"]
[BlackElo "1447"]
[BlackRD "120"]
[GameID "422305"]

1. d4 d5 2. Nf3 Nf6 3. Bf4 c5 4. c3 Nc6 5. e3 e6 6. Bb5 Bd7 7. O-O Be7 8. Nbd2 O-O 9. Bxc6 Bxc6 10. Ne5 cxd4
11. exd4 Nd7 12. Ndf3 Nxe5 13. Nxe5 f6 14. Nxc6 bxc6 15. Re1 Bd6 16. Bxd6 Qxd6 17. Qg4 e5 18. dxe5 fxe5 19. Qh5 Rae8 20. Rad1 Rf6
21. Qxe8+ Rf8 22. Qxe5 Qxe5 23. Rxe5 h6 24. f3 a5 25. Rde1
1-0

[Event "only players under 2000"]
[Site "SchemingMind.com"]
[Date "2017.12.22"]
[Round "-"]
[White "TheHornedReaper "]
[Black "Scooter"]
[Result "1-0"]
[WhiteCountry "ROU"]
[BlackCountry "USA"]
[WhiteElo "1447"]
[WhiteRD "120"]
[BlackElo "1685"]
[BlackRD "55"]
[GameID "422306"]

1. e4 c6 2. d4 d5 3. Nc3 dxe4 4. Nxe4 Bf5 5. Ng3 Bg6 6. h4 h6 7. Nf3 Nd7 8. Bd3 Bxd3 9. Qxd3 Qc7 10. Bd2 O-O-O
11. O-O-O Ngf6 12. Ne4 e6 13. Qe2 Nxe4 14. Qxe4 Nf6 15. Qe2 Bd6 16. g3 Nh5 17. Rhe1 Nf6 18. Ne5 Bxe5 19. dxe5 Nd5 20. f4 Ne7
21. Bb4 Nd5 22. Bd6 Qa5 23. Qc4 b5 24. Qxc6+
1-0

[Event "only players under 2000"]
[Site "SchemingMind.com"]
[Date "2017.12.22"]
[Round "-"]
[White "ampp"]
[Black "TheHornedReaper "]
[Result "0-1"]
[WhiteCountry "POR"]
[BlackCountry "ROU"]
[WhiteElo "1290"]
[WhiteRD "63"]
[BlackElo "1577"]
[BlackRD "91"]
[GameID "422307"]

1. e4 e6 2. d4 d5 3. Nd2 Nf6 4. e5 Nfd7 5. Ngf3 c5 6. c3 Nc6 7. Bb5 Qb6 8. Bxc6 bxc6 9. O-O cxd4 10. cxd4 c5
11. dxc5 Bxc5 12. Qe2 Ba6 13. Qe1 Bxf1 14. Qxf1 O-O 15. a4 Qc7 16. Nb3 Be7 17. Nbd4 Nxe5 18. Bf4 Nxf3+ 19. Nxf3 Qxf4 20. Qe2 Bd6
21. g3 Qf6 22. Rb1 Rab8 23. h4 Rb3 24. Nd2 Rxb2 25. Rc1 Bb4 26. Rd1 Qc3
0-1

[Event "only players under 2000"]
[Site "SchemingMind.com"]
[Date "2017.12.23"]
[Round "-"]
[White "TheHornedReaper "]
[Black "ampp"]
[Result "1-0"]
[WhiteCountry "ROU"]
[BlackCountry "POR"]
[WhiteElo "1577"]
[WhiteRD "91"]
[BlackElo "1290"]
[BlackRD "63"]
[GameID "422308"]

1. e4 e6 2. d4 Nf6 3. e5 Nd5 4. c4 Nb6 5. Nf3 Bb4+ 6. Nc3 d6 7. Be2 O-O 8. O-O h6 9. Bd2 dxe5 10. dxe5 Nc6
11. a3 Bxc3 12. Bxc3 a6 13. Qc2 a5 14. Rad1 Qe8 15. Rd2 Bd7 16. c5 Nd5 17. Rfd1 b6 18. cxb6 cxb6 19. Bc4 Rd8 20. Bxd5 exd5
21. Rxd5 Ne7 22. Rd6 Nc8 23. R6d3 Qe7 24. Qd2 Bg4 25. Rxd8 Bxf3 26. gxf3
1-0

[Event "only players under 2000"]
[Site "SchemingMind.com"]
[Date "2017.12.23"]
[Round "-"]
[White "kenneth m day"]
[Black "TheHornedReaper "]
[Result "1-0"]
[WhiteCountry "USA"]
[BlackCountry "ROU"]
[WhiteElo "1722"]
[WhiteRD "59"]
[BlackElo "1238"]
[BlackRD "57"]
[GameID "422309"]

1. e4 e6 2. d4 d5 3. Nd2 Nf6 4. e5 Nfd7 5. Bd3 c5 6. c3 Nc6 7. Ne2 cxd4 8. cxd4 Qb6 9. Nf3 f6 10. Qc2 Bb4+
11. Bd2 f5 12. O-O O-O 13. a3 Be7 14. Bc3 Qc7 15. Bd2 Rf7 16. Bg5 Nb6 17. b4 a6 18. Rac1 Nc4 19. Bxc4 dxc4 20. Qxc4 h6
21. Bd2
1-0

[Event "only players under 2000"]
[Site "SchemingMind.com"]
[Date "2017.12.23"]
[Round "-"]
[White "TheHornedReaper "]
[Black "kenneth m day"]
[Result "0-1"]
[WhiteCountry "ROU"]
[BlackCountry "USA"]
[WhiteElo "1238"]
[WhiteRD "57"]
[BlackElo "1722"]
[BlackRD "59"]
[GameID "422310"]

1. e4 e5 2. Nf3 Nc6 3. Bb5 f5 4. Nc3 fxe4 5. Nxe4 Nf6 6. Nxf6+ gxf6 7. d4 Bg7 8. dxe5 fxe5 9. O-O O-O 10. Re1 d6
11. Qd3 Bf5 12. Qd5+ Kh8 13. Ng5 Bg6 14. Bxc6 bxc6 15. Qxc6 Bf5 16. Bd2 Bd7
0-1

[Event "only players under 2000"]
[Site "SchemingMind.com"]
[Date "2017.12.23"]
[Round "-"]
[White "Wojtek26"]
[Black "TheHornedReaper "]
[Result "1-0"]
[WhiteCountry "POL"]
[BlackCountry "ROU"]
[WhiteElo "1498"]
[WhiteRD "62"]
[BlackElo "1246"]
[BlackRD "49"]
[GameID "422311"]

1. d4 d5 2. c4 e6 3. e3 Nf6 4. Nf3 Be7 5. Be2 O-O 6. O-O dxc4 7. Bxc4 a6 8. Nc3 b5 9. Bb3 Bb7 10. a3 Nbd7
11. h3 c5 12. dxc5 Bxc5 13. Bc2 Qc7 14. Ne4 Nxe4 15. Bxe4 Bxe4 16. Ng5 Bg6 17. Qb3 h6 18. Nf3 Be4 19. Nd2
1-0

[Event "only players under 2000"]
[Site "SchemingMind.com"]
[Date "2017.12.23"]
[Round "-"]
[White "TheHornedReaper "]
[Black "Wojtek26"]
[Result "0-1"]
[WhiteCountry "ROU"]
[BlackCountry "POL"]
[WhiteElo "1238"]
[WhiteRD "57"]
[BlackElo "1579"]
[BlackRD "63"]
[GameID "422312"]

1. e4 e5 2. Nf3 Nc6 3. Bb5 Nge7 4. O-O a6 5. Ba4 b5 6. Bb3 g6 7. c3 Bg7 8. d4 exd4 9. cxd4 O-O 10. Re1 d6
11. a3 Bb7 12. Bc2 d5 13. e5 Qc8 14. Nbd2 f6 15. Nf1 fxe5 16. dxe5 h6 17. Ng3 Qd7 18. b4 Nd8 19. Bb2 Qg4
0-1

[Event "only players under 2000"]
[Site "SchemingMind.com"]
[Date "2017.12.22"]
[Round "-"]
[White "Allan Sedstrem"]
[Black "TheHornedReaper "]
[Result "1-0"]
[WhiteCountry "SCO"]
[BlackCountry "ROU"]
[WhiteElo "1510"]
[WhiteRD "77"]
[BlackElo "1577"]
[BlackRD "91"]
[GameID "422313"]

1. d4 d5 2. Nc3 Nf6 3. Bf4 Bf5 4. Nb5 Na6 5. a3 c6 6. Nc3 e6 7. Nf3 Bd6 8. Ne5 O-O 9. f3 Nc7 10. g4 Bg6
11. h4 h6 12. g5 Bxe5 13. Bxe5 h5 14. gxf6 gxf6 15. Bxc7 Qxc7 16. Rg1 Kh7 17. Qd2 Rg8 18. O-O-O Rg7 19. e4 Rag8 20. Bd3 f5
21. Rg5 fxe4 22. fxe4 dxe4 23. Nxe4 Bxe4 24. Rxh5+ Kg6 25. Qg5#
1-0

[Event "only players under 2000"]
[Site "SchemingMind.com"]
[Date "2017.12.22"]
[Round "-"]
[White "TheHornedReaper "]
[Black "Allan Sedstrem"]
[Result "0-1"]
[WhiteCountry "ROU"]
[BlackCountry "SCO"]
[WhiteElo "1447"]
[WhiteRD "120"]
[BlackElo "1559"]
[BlackRD "171"]
[GameID "422314"]

1. e4 Nc6 2. d4 e5 3. d5 Nce7 4. Nf3 d6 5. c4 Nf6 6. Nc3 h6 7. Be3 b6 8. Be2 Bb7 9. O-O Ng4 10. Qd2 Qd7
11. h3 Nxe3 12. Qxe3 Ng6 13. Nh2 h5 14. g4 Nf4 15. Bf3 Nxh3+ 16. Kg2 hxg4 17. Bxg4 Nf4+ 18. Kg3 Rh3+
0-1

[Event "only players under 2000"]
[Site "SchemingMind.com"]
[Date "2017.12.29"]
[Round "-"]
[White "maro"]
[Black "Phillip Beckett"]
[Result "0-1"]
[WhiteCountry "MEX"]
[BlackCountry "ENG"]
[WhiteElo "1439"]
[WhiteRD "63"]
[BlackElo "1643"]
[BlackRD "55"]
[GameID "422372"]

1. e4 e5 2. d4 exd4 3. e5 d6 4. Qxd4 Nc6 5. Bb5 Bd7 6. exd6 Bxd6 7. Qxg7 Qf6 8. Qxf6 Nxf6 9. Nc3 a6 10. Bc4 Ne5
11. Bg5 Be7 12. O-O-O Rg8 13. h4 Nxc4 14. Nf3 O-O-O 15. a3 Bg4 16. Rxd8+ Bxd8 17. Rd1 Nd7 18. Bxd8 Rxd8 19. Rd4 Bxf3 20. gxf3 Ndb6
21. Rf4 Ne5 22. b4 Nbc4 23. Kb1 Nxa3+ 24. Ka2 Nac4 25. Ne2 Rd2 26. Nd4 Rxf2 27. Rf6 Ne3 28. f4 N5c4 29. Rxf7 Nxc2 30. Nxc2 Rxc2+
31. Kb3 Ne3 32. Re7 Re2 33. Rxh7 Ng2 34. Rh8+ Kd7 35. f5 Rf2 36. Rh7+ Kc6 37. Rf7 Nxh4 38. f6 Ng6 39. Kc4 Ne5+
0-1

[Event "only players under 2000"]
[Site "SchemingMind.com"]
[Date "2017.12.29"]
[Round "-"]
[White "Phillip Beckett"]
[Black "maro"]
[Result "0-1"]
[WhiteCountry "ENG"]
[BlackCountry "MEX"]
[WhiteElo "1643"]
[WhiteRD "55"]
[BlackElo "1439"]
[BlackRD "63"]
[GameID "422373"]

1. d4 e6 2. c4 b6 3. Nc3 Ba6 4. e4 Bb4 5. f3 Nf6 6. Nh3 O-O 7. Be2 d6 8. O-O e5 9. d5 Bc5+ 10. Kh1 h6
11. Na4 c6 12. Nxc5 bxc5 13. b3 cxd5 14. cxd5 Bb7 15. Nf2 Ba6 16. Bxa6 Nxa6 17. Bd2 Rc8 18. Qe2 Nb4 19. Bxb4 cxb4 20. Rfc1 Qb6
21. Qd2 a5 22. Nd3 Nd7 23. Rxc8 Rxc8 24. Rc1 Rxc1+ 25. Qxc1 Kh7 26. g3 Qd4 27. Ne1 Qf2 28. Ng2 Qxf3 29. Qe1 Nf6 30. Kg1 Nxe4
31. Qb1 Qf2+ 32. Kh1 f5 33. Nh4 g5 34. Qg1 Qxg1+ 35. Kxg1 gxh4
0-1

[Event "only players under 2000"]
[Site "SchemingMind.com"]
[Date "2017.12.24"]
[Round "-"]
[White "Black Knight"]
[Black "Phillip Beckett"]
[Result "0-1"]
[WhiteCountry "USA"]
[BlackCountry "ENG"]
[WhiteElo "1304"]
[WhiteRD "47"]
[BlackElo "1564"]
[BlackRD "49"]
[GameID "422374"]

1. e4 e5 2. Nf3 Nc6 3. Bb5 a6 4. Bxc6 dxc6 5. d3 Qd6 6. Nc3 f6 7. O-O g5 8. h3 h5 9. Bxg5 fxg5 10. Nxg5 Qg6
11. h4 Be7 12. Nf3 Nf6 13. Nxe5 Qg7 14. d4 Be6 15. Qf3 O-O-O 16. Rfd1 Ng4 17. Qg3 Rdg8 18. f3 Ne3 19. Qxg7 Rxg7 20. Rd2 Rhg8
21. Re2 Nxg2
0-1

[Event "only players under 2000"]
[Site "SchemingMind.com"]
[Date "2017.12.24"]
[Round "-"]
[White "Phillip Beckett"]
[Black "Black Knight"]
[Result "1-0"]
[WhiteCountry "ENG"]
[BlackCountry "USA"]
[WhiteElo "1564"]
[WhiteRD "49"]
[BlackElo "1304"]
[BlackRD "47"]
[GameID "422375"]

1. d4 Nf6 2. c4 g6 3. Nc3 d6 4. Nf3 Bg7 5. Bg5 O-O 6. e3 Nc6 7. Bd3 e5 8. dxe5 dxe5 9. Bc2 Qxd1+ 10. Rxd1 Bg4
11. h3 Bxf3 12. gxf3 h6 13. Bxf6 Bxf6 14. Nd5 Rad8 15. Nxf6+ Kg7 16. Nd7 Rfe8 17. O-O Ne7 18. Nxe5 Nc6 19. Nxc6 bxc6 20. Rxd8 Rxd8
21. Rd1 Rxd1+ 22. Bxd1 c5 23. Bc2 f5 24. e4 f4 25. Kh2 a5 26. h4 Kf6 27. Kh3 h5 28. Kg2 Ke5 29. Kf1 Kd4 30. Bb3 c6
31. Ke2 a4 32. Bxa4
1-0

[Event "only players under 2000"]
[Site "SchemingMind.com"]
[Date "2017.12.24"]
[Round "-"]
[White "Phillip Beckett"]
[Black "pmdpsp"]
[Result "1-0"]
[WhiteCountry "ENG"]
[BlackCountry "GER"]
[WhiteElo "1564"]
[WhiteRD "49"]
[BlackElo "1837"]
[BlackRD "82"]
[GameID "422376"]

1. d4 g6 2. c4 d6 3. Nc3 Bg7 4. e3 Nf6 5. Bd3 O-O 6. Nf3 b6 7. Qc2 Bb7 8. Ne4 d5 9. Nxf6+ Bxf6 10. O-O Na6
11. cxd5 Bxd5 12. a3 Rc8 13. Bxa6 Rb8 14. Be2 Ba8 15. b4 Qd6 16. Bb2 c5 17. dxc5 bxc5 18. bxc5 Rxb2 19. Qxb2 Qxc5 20. Rac1 Bxb2
21. Rxc5 Bxa3 22. Ra5 Bd6 23. Rxa7 Kg7 24. Rfa1 Be4 25. Nd4 Bc5 26. R7a5 Bb4 27. R5a4 Bc3 28. Rc1 Bb2 29. Rc7 Re8 30. Raa7 Kf6
31. Bf3 Bxd4 32. exd4 Bxf3 33. gxf3 h5 34. Kg2 h4 35. Ra6+ Kg7 36. d5 f5 37. d6 Kf7 38. Rxe7+ Rxe7 39. dxe7 Kxe7 40. Rxg6
1-0

[Event "only players under 2000"]
[Site "SchemingMind.com"]
[Date "2017.12.24"]
[Round "-"]
[White "pmdpsp"]
[Black "Phillip Beckett"]
[Result "1-0"]
[WhiteCountry "GER"]
[BlackCountry "ENG"]
[WhiteElo "1793"]
[WhiteRD "90"]
[BlackElo "1583"]
[BlackRD "53"]
[GameID "422377"]

1. e4 e6 2. d4 d5 3. Nc3 Nf6 4. f3 dxe4 5. fxe4 Bb4 6. Bd2 Bxc3 7. Bxc3 Nxe4 8. Qg4 Nxc3 9. bxc3 O-O 10. Bd3 e5
11. Qh5 g6 12. Qh6 f5 13. Bc4+ Kh8 14. dxe5 Nc6 15. Nf3 Qe7 16. O-O-O Be6 17. Bb3 Bxb3 18. cxb3 a5 19. Ng5 Rad8 20. e6 Rxd1+
21. Rxd1 Rd8 22. Nf7+
1-0

[Event "only players under 2000"]
[Site "SchemingMind.com"]
[Date "2017.12.24"]
[Round "-"]
[White "Phillip Beckett"]
[Black "Scooter"]
[Result "0-1"]
[WhiteCountry "ENG"]
[BlackCountry "USA"]
[WhiteElo "1564"]
[WhiteRD "49"]
[BlackElo "1671"]
[BlackRD "51"]
[GameID "422378"]

1. d4 Nf6 2. c4 g6 3. Nc3 Bg7 4. Nf3 O-O 5. e3 d6 6. Be2 Bg4 7. h3 Bxf3 8. Bxf3 c6 9. O-O Nbd7 10. e4 e5
11. d5 cxd5 12. exd5 Re8 13. Ne4 Nxe4 14. Bxe4 Nf6 15. Bb1 Rc8 16. a4 Rxc4 17. Ba2 Rd4 18. Qe2 Nxd5 19. Bxd5 Rxd5 20. Be3 b6
21. Rfd1 Rxd1+ 22. Rxd1 d5 23. Qd2 d4 24. Bg5 f6 25. Bh6 Qd7 26. Bxg7 Kxg7 27. f4 exf4 28. Qxf4 d3 29. Qf3 d2 30. Qc3 Re1+
31. Rxe1 d1=Q 32. Rxd1 Qxd1+ 33. Kh2 Qxa4 34. Qc7+ Kh6 35. Qc1+ g5 36. Qc3 Qf4+ 37. g3 Qe5 38. Qd2 a5 39. h4 a4 40. Kh3 b5
41. hxg5+ Qxg5 42. Qd6 Qh5+ 43. Kg2 Kg6 44. Qd3+ Qf5 45. Qd8 Qe4+ 46. Kh3 Qh1+ 47. Kg4 h5+ 48. Kf4 Qf1+ 49. Ke3 Qc1+ 50. Kf3 Qf1+
51. Ke3 Kg5 52. Qg8+ Kf5 53. Qh7+ Kg4 54. Qg7+ Kh3 55. Qd7+ Kxg3 56. Qd6+ Kh3 57. Qe6+ f5 58. Qg6 f4+ 59. Kd4 Qc4+ 60. Ke5 h4
61. Qf5+ Kh2 62. Qg4 h3
0-1

[Event "only players under 2000"]
[Site "SchemingMind.com"]
[Date "2017.12.24"]
[Round "-"]
[White "Scooter"]
[Black "Phillip Beckett"]
[Result "1-0"]
[WhiteCountry "USA"]
[BlackCountry "ENG"]
[WhiteElo "1671"]
[WhiteRD "51"]
[BlackElo "1564"]
[BlackRD "49"]
[GameID "422379"]

1. d4 d5 2. Nf3 Nf6 3. Bf4 e6 4. e3 c5 5. Bb5+ Bd7 6. Bxd7+ Nbxd7 7. O-O Be7 8. c3 Qb6 9. Qb3 c4 10. Qxb6 Nxb6
11. Nbd2 O-O 12. Rfe1 Na4 13. Rec1 b5 14. b4 cxb3 15. axb3 Nb6 16. c4 bxc4 17. bxc4 Nxc4 18. Nxc4 dxc4 19. Rxc4 a5 20. Rca4 Bb4
21. h3 Nd5 22. Bg3 Rfc8 23. Ne5 Nc3 24. Nd7 Nxa4 25. Rxa4 Rc1+ 26. Kh2 Ra7 27. Nb6 Ra6 28. Nd7 g6 29. Ne5 f6 30. Nd3 Rb1
31. Bc7 Bd6+ 32. Bxd6 Rxd6 33. Rxa5 Rd1 34. Nc5 Kg7 35. Ra7+ Kh6 36. Ne4 Rb6 37. Nxf6 Rb2 38. h4 g5 39. Ng8+ Kg6 40. Ne7+ Kf6
41. Ng8+ Kf5 42. h5 Rdd2 43. Kg3 Ke4 44. Nf6+ Kd3 45. Ng4 Rb1 46. Rxh7 Rb5 47. h6 Rf5 48. Rh8 e5 49. dxe5 Ke2 50. h7 Rd3
51. Rg8
1-0

[Event "only players under 2000"]
[Site "SchemingMind.com"]
[Date "2017.12.24"]
[Round "-"]
[White "Phillip Beckett"]
[Black "ampp"]
[Result "1-0"]
[WhiteCountry "ENG"]
[BlackCountry "POR"]
[WhiteElo "1583"]
[WhiteRD "53"]
[BlackElo "1326"]
[BlackRD "62"]
[GameID "422380"]

1. d4 d5 2. c4 Nf6 3. cxd5 Nxd5 4. Nc3 Nf6 5. e4 Nc6 6. Nf3 Bg4 7. Be3 e6 8. h3 Bh5 9. Qd2 Bxf3 10. gxf3 Be7
11. Be2 O-O 12. O-O-O h6 13. Rdg1 g5 14. h4 Nh7 15. hxg5 Bxg5 16. Bxg5 hxg5 17. f4 f6 18. fxg5 Nxd4 19. Qe3 Nxe2+ 20. Qxe2 Rf7
21. g6 Rg7 22. gxh7+ Kh8 23. Rxg7 Qd4 24. Rg8+ Rxg8 25. hxg8=Q+ Kxg8 26. Qg4+ Kf7 27. Rh7+
1-0

[Event "only players under 2000"]
[Site "SchemingMind.com"]
[Date "2017.12.24"]
[Round "-"]
[White "ampp"]
[Black "Phillip Beckett"]
[Result "1-0"]
[WhiteCountry "POR"]
[BlackCountry "ENG"]
[WhiteElo "1326"]
[WhiteRD "62"]
[BlackElo "1583"]
[BlackRD "53"]
[GameID "422381"]

1. e4 e5 2. Nf3 Nc6 3. Bb5 a6 4. Bxc6 dxc6 5. Nc3 Qd6 6. d3 Bg4 7. h3 Bh5 8. O-O f6 9. Ne2 O-O-O 10. Ng3 g5
11. Nxh5 Qe6 12. Be3 g4 13. hxg4 Qxg4 14. Nh2 Qxd1 15. Rfxd1 Be7 16. Ng4 Rf8 17. d4 exd4 18. Bxd4 b6 19. e5 c5 20. exf6 cxd4
21. fxe7 Nxe7 22. Rxd4 Nf5 23. Rf4 Rhg8 24. Ngf6 Rg5 25. Nxh7 Rxh5 26. Nxf8
1-0

[Event "only players under 2000"]
[Site "SchemingMind.com"]
[Date "2017.12.24"]
[Round "-"]
[White "Phillip Beckett"]
[Black "kenneth m day"]
[Result "1-0"]
[WhiteCountry "ENG"]
[BlackCountry "USA"]
[WhiteElo "1550"]
[WhiteRD "52"]
[BlackElo "1759"]
[BlackRD "62"]
[GameID "422382"]

1. d4 Nf6 2. c4 e6 3. Nc3 Bb4 4. Qc2 d5 5. cxd5 exd5 6. Bg5 O-O 7. e3 Re8 8. a3 Ba5 9. Nf3 Nc6 10. b4 Bb6
11. Bb5 Bd7 12. O-O a6 13. Ba4 Be6 14. Ne5 Re7 15. Bxc6 bxc6 16. Na4 Qd6 17. Nxb6 cxb6 18. Qxc6 Qxc6 19. Nxc6 Rc7 20. Rfc1 Ne4
21. Bf4 Rd7 22. f3 Nd2 23. Ra2 Nb3 24. Rc3 Rc8 25. Rac2 Kf8 26. Ne5 Rdd8 27. Rxc8 Bxc8 28. Nc6 Re8 29. Bd6+ Kg8 30. Ne7+ Kh8
31. Rxc8 Rxc8 32. Nxc8
1-0

[Event "only players under 2000"]
[Site "SchemingMind.com"]
[Date "2017.12.25"]
[Round "-"]
[White "kenneth m day"]
[Black "Phillip Beckett"]
[Result "1-0"]
[WhiteCountry "USA"]
[BlackCountry "ENG"]
[WhiteElo "1731"]
[WhiteRD "61"]
[BlackElo "1564"]
[BlackRD "49"]
[GameID "422383"]

1. e4 e5 2. f4 Qh4+ 3. g3 Qe7 4. Nf3 exf4 5. d3 fxg3 6. hxg3 d5 7. Qe2 dxe4 8. dxe4 c6 9. Nc3 Nf6 10. Bf4 Bg4
11. Bg2 Nbd7 12. O-O-O O-O-O 13. Qc4 Nb6 14. Rxd8+ Qxd8 15. Qxf7 Bd6 16. e5 Bxe5 17. Bxe5 Rf8 18. Qxg7 Nfd7 19. Qxg4 Rg8 20. Qf5 Rf8
21. Qxh7 Nxe5 22. Nxe5 Qg5+ 23. Kb1 Qxe5 24. Qh3+ Kb8 25. Rd1 Nc4 26. Qg4 Qf6 27. Qxc4 Qf2 28. Rf1 Re8 29. Qf4+ Qxf4 30. gxf4
1-0

[Event "only players under 2000"]
[Site "SchemingMind.com"]
[Date "2017.12.25"]
[Round "-"]
[White "Phillip Beckett"]
[Black "Wojtek26"]
[Result "1-0"]
[WhiteCountry "ENG"]
[BlackCountry "POL"]
[WhiteElo "1564"]
[WhiteRD "49"]
[BlackElo "1457"]
[BlackRD "52"]
[GameID "422384"]

1. d4 d5 2. c4 e6 3. Nc3 Nf6 4. Bg5 Be7 5. Nf3 O-O 6. e3 h6 7. Bh4 c5 8. dxc5 Bxc5 9. cxd5 exd5 10. Be2 Be6
11. O-O Nc6 12. Rc1 g5 13. Bg3 Bd6 14. Bxd6 Qxd6 15. Nb5 Qd8 16. Nfd4 Nxd4 17. Nxd4 Ne4 18. Nxe6 fxe6 19. Bd3 Qb6 20. Bxe4 dxe4
21. Qc2 Rac8 22. Qxe4 Rxc1 23. Rxc1 Kf7 24. Qh7+ Kf6 25. Qxh6+ Kf7 26. Qh7+ Kf6 27. Qh6+ Kf7 28. Qh5+ Kg8 29. Qxg5+ Kf7 30. Qf4+ Kg6
31. Qxf8
1-0

[Event "only players under 2000"]
[Site "SchemingMind.com"]
[Date "2017.12.25"]
[Round "-"]
[White "Wojtek26"]
[Black "Phillip Beckett"]
[Result "0-1"]
[WhiteCountry "POL"]
[BlackCountry "ENG"]
[WhiteElo "1457"]
[WhiteRD "52"]
[BlackElo "1564"]
[BlackRD "49"]
[GameID "422385"]

1. d4 d5 2. c4 e6 3. e3 Nf6 4. Nf3 Be7 5. Be2 O-O 6. O-O dxc4 7. Bxc4 Nbd7 8. Nbd2 c5 9. a3 cxd4 10. Nxd4 Nb6
11. Bb3 Bd7 12. Qe2 Rc8 13. N2f3 Ba4 14. Bxa4 Nxa4 15. Qb5 Nb6 16. Ne5 Nfd5 17. Bd2 Nc7 18. Qb3 Ncd5 19. Ba5 Bf6 20. Nc4 Bxd4
21. exd4 Rxc4 22. Bxb6 Nxb6 23. a4 Rc7 24. Rfd1 Nd5 25. Rac1 Rxc1 26. Rxc1 Qd7 27. h4 Rc8 28. Rxc8+ Qxc8 29. Qd1 Qc4 30. g3 g6
31. b3 Qc3 32. Kg2 Nf6 33. Kh3 Ne4 34. Qe2 Nf6 35. Qb5 Qf3 36. Qxb7 Qxb7
0-1

[Event "only players under 2000"]
[Site "SchemingMind.com"]
[Date "2017.12.24"]
[Round "-"]
[White "Phillip Beckett"]
[Black "Allan Sedstrem"]
[Result "1-0"]
[WhiteCountry "ENG"]
[BlackCountry "SCO"]
[WhiteElo "1564"]
[WhiteRD "49"]
[BlackElo "1510"]
[BlackRD "77"]
[GameID "422386"]

1. d4 d5 2. c4 e6 3. Nc3 Nf6 4. Bg5 Be7 5. Nf3 h6 6. Bh4 O-O 7. e3 Nbd7 8. cxd5 Nb6 9. dxe6 Bxe6 10. Bd3 Bg4
11. O-O c6 12. h3 Bxf3 13. Qxf3 Nbd7 14. Ne4 Rc8 15. Nxf6+ Bxf6 16. Bxf6 Nxf6 17. Qf5 g6 18. Qf3 Kg7 19. Rac1 Re8 20. Rfe1 Nd5
21. Bc4 Rf8 22. Bxd5 Qxd5 23. Qxd5 cxd5 24. Kf1 Rxc1 25. Rxc1 Kf6 26. Rc7 Rb8 27. Ke2 Ke6 28. Kd3 h5 29. Kc3 a5 30. a4 b6
31. b4 axb4+ 32. Kxb4 f5 33. Rc6+ Kf7 34. Kb5 g5 35. Rxb6 Rc8 36. a5 Ra8 37. a6 Ke8 38. Rb7 Rc8 39. a7 Rd8 40. Rb8 Rxb8+
41. axb8=Q+ Kd7 42. Qb6 h4 43. Kc5 g4 44. Kxd5 g3 45. Qb7+ Ke8 46. Ke6 Kf8 47. Qf7#
1-0

[Event "only players under 2000"]
[Site "SchemingMind.com"]
[Date "2017.12.24"]
[Round "-"]
[White "Allan Sedstrem"]
[Black "Phillip Beckett"]
[Result "1-0"]
[WhiteCountry "SCO"]
[BlackCountry "ENG"]
[WhiteElo "1510"]
[WhiteRD "77"]
[BlackElo "1564"]
[BlackRD "49"]
[GameID "422387"]

1. d4 d5 2. c4 e6 3. e3 Nf6 4. Nf3 Be7 5. Bd3 dxc4 6. Bxc4 Nbd7 7. a3 O-O 8. O-O c5 9. Nc3 cxd4 10. Nxd4 Nb6
11. Ba2 Bd7 12. Bd2 Rc8 13. Qf3 Qc7 14. Rfc1 Qb8 15. Nce2 Rxc1+ 16. Rxc1 Rc8 17. Rxc8+ Qxc8 18. Nb3 Bc6 19. Qg3 Qd8 20. f3 Bd5
21. Ned4 Bd6 22. f4 Ne4 23. Qe1 Nxd2 24. Qxd2 Nc4 25. Qc3 a6 26. Nc1 e5 27. fxe5 Bxe5 28. Bxc4 Bxc4 29. Qxc4 Bxd4 30. exd4 g6
31. d5 Qb6+ 32. Kf1 Qxb2 33. d6 Qxa3 34. d7
1-0

[Event "only players under 2000"]
[Site "SchemingMind.com"]
[Date "2017.12.24"]
[Round "-"]
[White "Phillip Beckett"]
[Black "TheHornedReaper "]
[Result "1/2-1/2"]
[WhiteCountry "ENG"]
[BlackCountry "ROU"]
[WhiteElo "1564"]
[WhiteRD "49"]
[BlackElo "1577"]
[BlackRD "91"]
[GameID "422388"]

1. d4 d5 2. c4 e6 3. Nc3 Nf6 4. Bg5 Be7 5. e3 O-O 6. Nf3 h6 7. Bh4 Nbd7 8. cxd5 Nxd5 9. Bxe7 Qxe7 10. Nxd5 exd5
11. Bd3 c5 12. dxc5 Nxc5 13. Be2 Be6 14. O-O Rac8 15. Rc1 Rc7 16. b4 Ne4 17. a3 Rfc8 18. Rxc7 Rxc7 19. Qd3 Rc3 20. Qd4 Qc7
21. Nd2 Nxd2 22. Qxd2 Rxa3 23. Qb2 Rc3 24. b5 Rc2 25. Qd4 Rxe2 26. Qxa7 Rc2 27. Qa8+ Bc8 28. Qa4 Bf5 29. h3 Rc1 30. Rxc1 Qxc1+
31. Kh2 Qc2 32. Qa8+ Qc8 33. Qxc8+ Bxc8 34. Kg3 g5 35. h4 b6 36. hxg5 hxg5 37. f4 gxf4+ 38. Kxf4 Be6 39. Ke5 Kg7 40. Kd6 Kf6
41. Kc6 Ke5 42. Kxb6 Bd7 43. Kc5 Bxb5 44. Kxb5 Ke4 45. Kc5 f6 46. g4 Kxe3 47. Kxd5 Kf4 48. Ke6 Kxg4=
1/2-1/2

[Event "only players under 2000"]
[Site "SchemingMind.com"]
[Date "2017.12.24"]
[Round "-"]
[White "TheHornedReaper "]
[Black "Phillip Beckett"]
[Result "1-0"]
[WhiteCountry "ROU"]
[BlackCountry "ENG"]
[WhiteElo "1577"]
[WhiteRD "91"]
[BlackElo "1564"]
[BlackRD "49"]
[GameID "422389"]

1. e4 e5 2. Nf3 Nc6 3. Bb5 a6 4. Ba4 Nf6 5. O-O Be7 6. Re1 b5 7. Bb3 O-O 8. c3 d5 9. exd5 Nxd5 10. Nxe5 Nxe5
11. Rxe5 Nf6 12. d4 Bd6 13. Re1 Ng4 14. g3 Nxh2 15. Bd5 Bg4 16. Qd3 Nf3+ 17. Bxf3 Bxf3 18. Qxf3 f5 19. Bf4 Bxf4 20. Qxf4 g5
21. Qf3 f4 22. Nd2 fxg3 23. Qxg3 Qf6 24. Ne4 Qf5 25. Qxg5+ Qxg5+ 26. Nxg5 Rf5 27. Re5 Rxe5 28. dxe5 Re8 29. f4 h6 30. Nh3 Kf7
31. Kf2 Rd8 32. Ke3 c5 33. Rg1 b4 34. cxb4 cxb4 35. b3 Rc8 36. Nf2 Rc2 37. Ra1 h5 38. Ne4 h4 39. f5 h3 40. Ng5+
1-0